Výskum trhu

Gespeichert in:
Bibliographische Detailangaben
1. Verfasser: Prachár, Juraj
Format: Buch
Sprache:Slowakisch
Veröffentlicht: Bratislava Slovenské pedagogické nakladateľstvo 1968
Tags: Tag hinzufügen
Keine Tags, Fügen Sie das erste Tag hinzu!

MARC

LEADER 00000nam a2200000 4500
001 c131634
005 20041019155252.9
041 0 |a slo 
044 |a SK 
245 1 0 |a Výskum trhu  |c Juraj Prachár 
264 1 |a Bratislava  |b Slovenské pedagogické nakladateľstvo  |c 1968 
300 |a 236 s. 
100 1 |a Prachár, Juraj